[Event "Tenerife-chT Preferente"]
[Site "Tenerife"]
[Date "2022.03.12"]
[Round "6.2"]
[White "Baskewitsch, Pierre"]
[Black "Perez Gutierrez, Nauzet"]
[Result "1-0"]
[WhiteElo "1873"]
[BlackElo "2029"]
[PlyCount "50"]
[EventDate "2022.01.29"]
[EventType "team-tourn"]
[EventRounds "14"]
[EventCountry "ESP"]
[SourceTitle "EXT 2024"]
[Source "ChessBase"]
[SourceDate "2023.10.10"]
[SourceVersion "1"]
[SourceVersionDate "2023.10.10"]
[SourceQuality "1"]
[WhiteTeam "Rey Ahogado"]
[BlackTeam "El Sauzal"]
[WhiteTeamCountry "ESP"]
[BlackTeamCountry "ESP"]

1. d4 Nf6 2. Bf4 e6 3. e3 b6 4. Be2 Bb7 5. Bf3 d5 6. c4 Nbd7 7. Qa4 Be7 8. Nc3 c6 9. cxd5 exd5 10. Nge2 h6 11. h4 Nf8 12. Ng3 Qd7 13. Be5 Ne6 14. Nf5 b5 15. Qc2 a5 16. Nxe7 Qxe7 17. 0-0 0-0 18. Qf5 Ne8 19. Bg3 g6 20. Qd3 b4 21. Ne2 Nd6 22. b3 Ba6 23. Qd1 Nb5 24. e4 dxe4 25. Bxe4 Rad8 1-0

[Event "Tenerife-chT Preferente"]
[Site "Tenerife"]
[Date "2022.02.05"]
[Round "2.3"]
[White "Baskewitsch, Pierre"]
[Black "Oudeh Mishmesh, Omar"]
[Result "0-1"]
[WhiteElo "1873"]
[BlackElo "2032"]
[PlyCount "63"]
[EventDate "2022.01.29"]
[EventType "team-tourn"]
[EventRounds "14"]
[EventCountry "ESP"]
[SourceTitle "EXT 2024"]
[Source "ChessBase"]
[SourceDate "2023.10.10"]
[SourceVersion "1"]
[SourceVersionDate "2023.10.10"]
[SourceQuality "1"]
[WhiteTeam "Rey Ahogado"]
[BlackTeam "Al Shah Mat Los Realejos"]
[WhiteTeamCountry "ESP"]
[BlackTeamCountry "ESP"]

1. d4 Nf6 2. Bf4 d5 3. e3 c5 4. c3 Nc6 5. Nf3 Qb6 6. b3 Bg4 7. Be2 e6 8. Ne5 Bxe2 9. Qxe2 cxd4 10. exd4 Be7 11. 0-0 0-0 12. Nd2 Rac8 13. Bg5 Rfd8 14. Qd3 Qc7 15. Nxc6 bxc6 16. Nf3 c5 17. Ne5 Ne4 18. Bxe7 Qxe7 19. f3 Nd6 20. Rab1 Nf5 21. f4 cxd4 22. cxd4 Qb4 23. Nf3 Rc3 24. Qd2 Rdc8 25. Rbc1 h6 26. Rxc3 Rxc3 27. g4 Ne3 28. Rb1 Nxg4 29. Rc1 Rxc1+ 30. Qxc1 Qe7 31. Qc5 Qf6 32. Qc1 0-1

[Event "Canarias-ch Seniors"]
[Site "Santa Cruz de Tenerife"]
[Date "2018.05.11"]
[Round "3"]
[White "Baskewitsch, Pierre"]
[Black "Andrades Campo, Francisco"]
[Result "1/2-1/2"]
[WhiteElo "1882"]
[BlackElo "1946"]
[PlyCount "128"]
[EventDate "2018.05.10"]
[EventType "swiss"]
[EventRounds "6"]
[EventCountry "ESP"]
[SourceTitle "EXT 2022"]
[Source "ChessBase"]
[SourceDate "2021.10.06"]
[SourceVersion "1"]
[SourceVersionDate "2021.10.06"]
[SourceQuality "1"]

1. d4 Nf6 2. Bf4 g6 3. e3 Bg7 4. Bd3 d6 5. c3 c6 6. Qc2 Nbd7 7. Nd2 a5 8. Ngf3 b6 9. 0-0 Qc7 10. c4 Ba6 11. Rac1 0-0 12. c5 Bxd3 13. Qxd3 bxc5 14. dxc5 Ne5 15. Bxe5 dxe5 16. e4 Rab8 17. Nc4 Rfd8 18. Qe3 Nd7 19. b3 Rb5 20. Na3 Rb4 21. Nc4 a4 22. Qc3 Rdb8 23. Nb6 Rxe4 24. Nxa4 Reb4 25. Qe1 e4 26. Nd2 Bh6 27. Rc2 Qf4 28. Nc4 Nf6 29. Qe3 Qh4 30. Qg3 Qxg3 31. hxg3 Nd5 32. Re1 f5 33. Nab6 Nxb6 34. cxb6 Rd8 35. Rb1 Bg7 36. a4 Bd4 37. a5 Ra8 38. Ra2 Kf7 39. Ra4 Rb5 40. Na3 Rbxa5 41. b7 Rxa4 42. bxa4 Rb8 43. a5 Ke8 44. a6 Ba7 45. Rc1 Kd7 46. Kf1 Kc7 47. Nb5+ Kb6 48. Nxa7 Kxa7 49. Rxc6 e5 50. Ke2 g5 51. g4 fxg4 52. Ke3 h5 53. Kxe4 h4 54. Kd5 h3 55. gxh3 gxh3 56. Rh6 g4 57. Kxe5 Rf8 58. Ke4 h2 59. Rxh2 Kxa6 60. Ke3 Kxb7 61. Rh7+ Kc6 62. Rg7 Rf3+ 63. Ke2 Rf4 64. Re7 Kd6 1/2-1/2

[Event "Tenerife-chT Primera 1718"]
[Site "Tenerife"]
[Date "2018.03.17"]
[Round "13.2"]
[White "Cova, Ennio"]
[Black "Baskewitsch, Pierre"]
[Result "0-1"]
[WhiteElo "1656"]
[BlackElo "1912"]
[PlyCount "54"]
[EventDate "2017.11.11"]
[EventType "team-tourn"]
[EventRounds "14"]
[EventCountry "ESP"]
[SourceTitle "CBM 187 Extra"]
[Source "ChessBase"]
[SourceDate "2018.11.04"]
[SourceVersion "1"]
[SourceVersionDate "2018.11.04"]
[SourceQuality "1"]
[WhiteTeam "Playa San Juan III"]
[BlackTeam "Al Shah Mat Los Realejos III"]
[WhiteTeamCountry "ESP"]
[BlackTeamCountry "ESP"]

1. e4 Nf6 2. e5 Nd5 3. Nc3 e6 4. Nxd5 exd5 5. Nf3 d6 6. d4 dxe5 7. dxe5 Be7 8. Be2 0-0 9. 0-0 Bf5 10. Nd4 Bg6 11. f4 c5 12. f5 cxd4 13. fxg6 hxg6 14. Qxd4 Nc6 15. Qf4 Bc5+ 16. Kh1 Bd4 17. e6 fxe6 18. Qg4 Rxf1+ 19. Bxf1 Qf6 20. Bg5 Qf5 21. Qxf5 gxf5 22. c3 Bf6 23. Be3 Kf7 24. Rd1 Ne5 25. Be2 b6 26. Kg1 Rh8 27. g3 Be7 0-1

[Event "Santa Cruz de Tenerife March 18 op"]
[Site "Santa Cruz de Tenerife"]
[Date "2018.03.12"]
[Round "4"]
[White "Baskewitsch, Pierre"]
[Black "Ramos Aguilar, Jose Manuel"]
[Result "0-1"]
[WhiteElo "1848"]
[BlackElo "2087"]
[PlyCount "78"]
[EventDate "2018.03.05"]
[EventType "swiss"]
[EventRounds "9"]
[EventCountry "ESP"]
[SourceTitle "CBM 183 Extra"]
[Source "ChessBase"]
[SourceDate "2018.04.19"]
[SourceVersion "1"]
[SourceVersionDate "2018.04.19"]
[SourceQuality "1"]

1. d4 c5 2. Bf4 cxd4 3. Bxb8 Rxb8 4. Qxd4 a6 5. Nc3 e6 6. 0-0-0 Qc7 7. e4 Qc5 8. Qd2 d6 9. f4 Be7 10. Nf3 Nf6 11. h3 Nd7 12. g4 b5 13. Bd3 Nb6 14. e5 d5 15. f5 Nc4 16. Bxc4 bxc4 17. f6 gxf6 18. exf6 Qb4 19. Qe3 Bxf6 20. Nd4 0-0 21. Rhf1 Bg7 22. Kd2 Bd7 23. Rb1 Qc5 24. Nce2 e5 25. Nf5 Qxe3+ 26. Kxe3 d4+ 27. Kd2 Bxf5 28. gxf5 Rb6 29. Rg1 Kh8 30. b3 Bh6+ 31. Kd1 Rd8 32. Ng3 d3 33. cxd3 Rxd3+ 34. Ke2 Re3+ 35. Kf2 cxb3 36. Rbc1 Rb8 37. axb3 Rxg3 38. Kxg3 Bxc1 39. Rxc1 Rxb3+ 0-1

[Event "Tenerife-chT Preferente 1718"]
[Site "Tenerife"]
[Date "2018.01.27"]
[Round "8.4"]
[White "Sanchez Martin, Jacobo"]
[Black "Baskewitsch, Pierre"]
[Result "0-1"]
[WhiteElo "1759"]
[BlackElo "1892"]
[PlyCount "97"]
[EventDate "2017.11.11"]
[EventType "team-tourn"]
[EventRounds "14"]
[EventCountry "ESP"]
[SourceTitle "EXT 2019"]
[Source "ChessBase"]
[SourceDate "2018.10.10"]
[SourceVersion "1"]
[SourceVersionDate "2018.10.10"]
[SourceQuality "1"]
[WhiteTeam "Ciberjaque Universidad"]
[BlackTeam "Al Shah Mat Los Realejos"]
[WhiteTeamCountry "ESP"]
[BlackTeamCountry "ESP"]

1. e4 Nf6 2. d3 e5 3. g3 d5 4. Nd2 dxe4 5. dxe4 Bc5 6. h3 0-0 7. Bg2 Nc6 8. Ngf3 Be6 9. 0-0 Qd7 10. Kh2 Rad8 11. Qe2 Qe7 12. c3 a6 13. Nc4 Nd7 14. Be3 Bxc4 15. Qxc4 Bxe3 16. fxe3 Nb6 17. Qe2 Qc5 18. Rad1 Qc4 19. Qxc4 Nxc4 20. Rde1 Rd3 21. Rf2 Nxe3 22. Bf1 Nxf1+ 23. Rexf1 f6 24. g4 h6 25. h4 Re3 26. Re1 Rxe1 27. Nxe1 Rd8 28. Nf3 Rd3 29. g5 hxg5 30. hxg5 Re3 31. gxf6 gxf6 32. Nd2 Kg7 33. Kg1 Ne7 34. Rg2+ Kf7 35. Kf2 Rh3 36. Nc4 Ng6 37. Ne3 Nf4 38. Rg4 Rh2+ 39. Kf3 Ne6 40. Ng2 Rh3+ 41. Ke2 Ng5 42. Kd2 Kg6 43. Ne3 Kh5 44. Rg2 Nxe4+ 45. Ke2 c6 46. Rg7 Ng5 47. Rxb7 Rh2+ 48. Kf1 Nf3 49. a4 0-1

[Event "San Cristobal de La Laguna-ch Seniors"]
[Site "San Cristobal de La Laguna"]
[Date "2018.01.17"]
[Round "2.3"]
[White "Baskewitsch, Pierre"]
[Black "Febles Dominguez, Alfonso Jesus"]
[Result "1/2-1/2"]
[WhiteElo "1871"]
[BlackElo "1277"]
[PlyCount "62"]
[EventDate "2018.01.15"]
[EventType "swiss"]
[EventRounds "6"]
[EventCountry "ESP"]
[SourceTitle "EXT 2024"]
[Source "ChessBase"]
[SourceDate "2023.10.10"]
[SourceVersion "1"]
[SourceVersionDate "2023.10.10"]
[SourceQuality "1"]

1. d4 Nf6 2. Bf4 e6 3. e3 d5 4. Nf3 Nc6 5. Bb5 Bd7 6. 0-0 a6 7. Bd3 g6 8. c3 Bg7 9. Nbd2 0-0 10. Qc2 Re8 11. e4 Ne7 12. e5 Ng4 13. h3 Nh6 14. Nb3 b6 15. Qd2 Nhf5 16. g4 a5 17. gxf5 Nxf5 18. Bxf5 exf5 19. Bg5 f6 20. exf6 Bxf6 21. Bxf6 Qxf6 22. Ne5 Bb5 23. Rfe1 f4 24. f3 Re6 25. Ng4 Rxe1+ 26. Rxe1 Qh4 27. Qxf4 Qxe1+ 28. Kh2 Qe2+ 29. Kg3 Qe1+ 30. Kh2 Qe2+ 31. Kg3 Qe1+ 1/2-1/2

[Event "Santa Cruz CajaCanarias op"]
[Site "Santa Cruz"]
[Date "2016.05.06"]
[Round "4"]
[White "Lopez Pereyra, Antonio"]
[Black "Baskewitsch, Pierre"]
[Result "1-0"]
[WhiteElo "2112"]
[BlackElo "2012"]
[PlyCount "53"]
[EventDate "2016.04.27"]
[EventType "swiss"]
[EventRounds "9"]
[EventCountry "ESP"]
[SourceTitle "CBM 172 Extra"]
[Source "ChessBase"]
[SourceDate "2016.06.21"]
[SourceVersion "1"]
[SourceVersionDate "2016.06.21"]
[SourceQuality "1"]

1. e4 Nf6 2. e5 Nd5 3. d4 d6 4. c4 Nb6 5. exd6 cxd6 6. Nc3 g6 7. Be3 Bg7 8. Rc1 0-0 9. b3 N8d7 10. c5 dxc5 11. dxc5 Bxc3+ 12. Rxc3 Na4 13. bxa4 Qa5 14. Qd2 Nf6 15. Rc4 Qc7 16. Nf3 Bg4 17. Be2 Rfd8 18. Rd4 Ne4 19. Qb4 Rxd4 20. Nxd4 Nxc5 21. 0-0 Bxe2 22. Nxe2 Na6 23. Qh4 Qc2 24. Nd4 Qxa4 25. Qxe7 Qxa2 26. Bh6 Qd2 27. Bxd2 1-0

[Event "Santa Cruz CajaCanarias op"]
[Site "Santa Cruz"]
[Date "2016.04.29"]
[Round "2"]
[White "Calvo Nobrega, Joaquin Manuel"]
[Black "Baskewitsch, Pierre"]
[Result "0-1"]
[WhiteElo "1690"]
[BlackElo "2012"]
[PlyCount "74"]
[EventDate "2016.04.27"]
[EventType "swiss"]
[EventRounds "9"]
[EventCountry "ESP"]
[SourceTitle "CBM 172 Extra"]
[Source "ChessBase"]
[SourceDate "2016.06.21"]
[SourceVersion "1"]
[SourceVersionDate "2016.06.21"]
[SourceQuality "1"]

1. d4 d5 2. g3 Bf5 3. Bg2 e6 4. Nf3 c5 5. c3 Nc6 6. 0-0 Qb6 7. Qa4 Bd6 8. Nbd2 Nge7 9. Re1 0-0 10. e4 dxe4 11. Nxe4 Bxe4 12. Rxe4 cxd4 13. Nxd4 Nxd4 14. Qxd4 Bc5 15. Qd2 Rad8 16. Qe2 Nd5 17. Rh4 Rd7 18. Qc2 f5 19. Qe2 Qa6 20. c4 Nf6 21. Bf4 Qb6 22. h3 h6 23. Be5 Bd6 24. Bd4 Bc5 25. Be5 Qd8 26. Bc3 Qe7 27. Rf4 g5 28. Bxf6 Qxf6 29. Rf3 Rfd8 30. Re1 Rd6 31. a3 a5 32. b4 axb4 33. axb4 Bxb4 34. Rb1 Bc5 35. Rxb7 e5 36. Qc2 e4 37. Rfb3 Rd2 0-1

[Event "Santa Cruz CajaCanarias op"]
[Site "Santa Cruz"]
[Date "2016.04.27"]
[Round "1"]
[White "Baskewitsch, Pierre"]
[Black "Febles Dominguez, Alfonso Jesus"]
[Result "1-0"]
[WhiteElo "2012"]
[BlackElo "1341"]
[PlyCount "53"]
[EventDate "2016.04.27"]
[EventType "swiss"]
[EventRounds "9"]
[EventCountry "ESP"]
[SourceTitle "CBM 172 Extra"]
[Source "ChessBase"]
[SourceDate "2016.06.21"]
[SourceVersion "1"]
[SourceVersionDate "2016.06.21"]
[SourceQuality "1"]

1. d4 Nf6 2. Bf4 d6 3. e3 g6 4. Bd3 Bg7 5. Nf3 Nc6 6. 0-0 Nh5 7. Bg5 Bg4 8. h3 Bd7 9. Nbd2 f6 10. Bh4 0-0 11. g4 g5 12. Bg3 Nxg3 13. fxg3 e5 14. c3 Re8 15. Qc2 h6 16. Qb3+ Kh8 17. Qf7 Be6 18. Qg6 Bg8 19. h4 Ne7 20. Qh5 Bh7 21. Bxh7 Kxh7 22. hxg5 Ng6 23. gxh6 Bf8 24. g5 Be7 25. gxf6 Bxf6 26. Ne4 Rg8 27. Nxf6+ 1-0

[Event "Luxembourg-chT 1213"]
[Site "Luxembourg"]
[Date "2013.05.10"]
[Round "9"]
[White "Baskewitsch, Pierre"]
[Black "Blaeser, Romain"]
[Result "1-0"]
[WhiteElo "1939"]
[BlackElo "1971"]
[PlyCount "169"]
[EventDate "2012.10.??"]
[EventType "team-tourn"]
[EventRounds "10"]
[EventCountry "LUX"]
[SourceTitle "EXT 2017"]
[Source "ChessBase"]
[SourceDate "2016.10.25"]
[SourceVersion "1"]
[SourceVersionDate "2016.10.25"]
[SourceQuality "1"]

1. b3 e5 2. Bb2 d6 3. e4 Nf6 4. Nc3 Be7 5. d4 0-0 6. dxe5 dxe5 7. Qxd8 Rxd8 8. Nb5 Bb4+ 9. c3 Ba5 10. b4 Bb6 11. f3 a6 12. Na3 Be6 13. Bc4 Bxg1 14. Rxg1 b5 15. Bxe6 fxe6 16. Ke2 Nc6 17. Rad1 Kf7 18. Nc2 Ne8 19. Ne3 Nd6 20. Rd2 Ke7 21. Rgd1 Nf7 22. a3 Rxd2+ 23. Rxd2 a5 24. Rc2 Kd7 25. bxa5 Rxa5 26. c4 Nd4+ 27. Bxd4 exd4 28. Rd2 c5 29. cxb5 Rxb5 30. Nc4 Rb3 31. Ra2 Rc3 32. Nd2 Ne5 33. a4 c4 34. a5 Nc6 35. a6 d3+ 36. Kd1 Na7 37. Ra4 Rc2 38. Rxc4 Ra2 39. Rd4+ Ke7 40. Rxd3 Rxa6 41. e5 Ra1+ 42. Ke2 Ra5 43. f4 Nc6 44. Kf3 Ra4 45. Ne4 Nd4+ 46. Kg4 Nc6 47. Rd7+ Ke8 48. Rc7 Nxe5+ 49. fxe5 Rxe4+ 50. Kf3 Rxe5 51. Rxg7 h5 52. Kf4 Ra5 53. Rg5 Ra4+ 54. Ke5 Kf7 55. Kd6 h4 56. Ke5 Rb4 57. h3 Rb5+ 58. Kf4 Rb4+ 59. Kf3 Kf6 60. Rg4 Rb3+ 61. Kf2 Rb2+ 62. Kg1 Kf5 63. Rxh4 Ra2 64. Rc4 Kg5 65. Kh2 Ra3 66. Rg4+ Kf5 67. Rg3 Ra4 68. Rf3+ Kg5 69. Re3 Kf5 70. g4+ Kf6 71. Kg3 Ra8 72. h4 Ra4 73. Kf3 Rb4 74. Re4 Rb5 75. g5+ Kf7 76. Kg4 Rb8 77. h5 Rb1 78. Rf4+ Kg7 79. h6+ Kh7 80. Rf7+ Kh8 81. Re7 Rb6 82. Kh5 Ra6 83. h7 Ra8 84. Kh6 e5 85. g6 1-0

[Event "Luxembourg-chT 1112"]
[Site "Luxembourg"]
[Date "2012.04.10"]
[Round "7"]
[White "Baskewitsch, Pierre"]
[Black "Haensel, Jean Marie"]
[Result "1-0"]
[WhiteElo "1939"]
[BlackElo "1850"]
[PlyCount "49"]
[EventDate "2011.10.??"]
[EventType "team-tourn"]
[EventRounds "10"]
[EventCountry "LUX"]
[SourceTitle "EXT 2017"]
[Source "ChessBase"]
[SourceDate "2016.10.25"]
[SourceVersion "1"]
[SourceVersionDate "2016.10.25"]
[SourceQuality "1"]

1. d4 d6 2. e4 Nf6 3. Nc3 Nbd7 4. f4 e5 5. fxe5 dxe5 6. dxe5 Nxe5 7. Qxd8+ Kxd8 8. Bf4 Nfd7 9. 0-0-0 f6 10. Bxe5 fxe5 11. Nf3 Bd6 12. Ng5 Ke8 13. Ne6 Nc5 14. Nxg7+ Kf7 15. Nf5 Bxf5 16. exf5 Be7 17. Bc4+ Ke8 18. b4 Nd7 19. Be6 Nf8 20. Nd5 Nxe6 21. fxe6 Bd6 22. Rhf1 c6 23. Nf6+ Ke7 24. Ne4 Bxb4 25. Rf7+ 1-0

[Event "Kaupthing op"]
[Site "Differdange"]
[Date "2008.05.10"]
[Round "5"]
[White "Andersen, Alf Roger"]
[Black "Baskewitsch, Pierre"]
[Result "1-0"]
[WhiteElo "2203"]
[BlackElo "2068"]
[PlyCount "79"]
[EventDate "2008.05.10"]
[EventType "swiss"]
[EventRounds "9"]
[EventCountry "LUX"]
[SourceTitle "CBM 124 Extra"]
[Source "ChessBase"]
[SourceDate "2008.07.03"]
[SourceVersion "1"]
[SourceVersionDate "2008.07.03"]
[SourceQuality "1"]

1. e4 Nf6 2. e5 Nd5 3. d4 d6 4. Nf3 Bg4 5. c4 Nb6 6. exd6 exd6 7. Be2 Be7 8. 0-0 0-0 9. Nc3 Nc6 10. b3 Bf6 11. Be3 Re8 12. Rc1 Qd7 13. h3 Bh5 14. Nh2 Bxe2 15. Nxe2 Rad8 16. Ng3 Bh4 17. Nh5 f5 18. Nf3 Be7 19. d5 Ne5 20. Nd4 Rc8 21. Ne6 Bf8 22. Re1 Qf7 23. Bd4 g6 24. Nhf4 Bh6 25. Rc3 Bxf4 26. Nxf4 c6 27. Rce3 cxd5 28. Bxb6 axb6 29. Nxd5 f4 30. Re4 f3 31. Rf4 Qe6 32. Nf6+ Kh8 33. Nxe8 Rxe8 34. Qd5 Qd7 35. Rxe5 Rxe5 36. Rf8+ Kg7 37. Qg8+ Kh6 38. Rf7 Re1+ 39. Kh2 fxg2 40. Qxh7+ 1-0

[Event "Kaupthing op"]
[Site "Differdange"]
[Date "2008.05.10"]
[Round "6"]
[White "Baskewitsch, Pierre"]
[Black "Schweitzer, Viktoriya"]
[Result "1/2-1/2"]
[WhiteElo "2068"]
[BlackElo "2218"]
[PlyCount "167"]
[EventDate "2008.05.10"]
[EventType "swiss"]
[EventRounds "9"]
[EventCountry "LUX"]
[SourceTitle "CBM 124 Extra"]
[Source "ChessBase"]
[SourceDate "2008.07.03"]
[SourceVersion "1"]
[SourceVersionDate "2008.07.03"]
[SourceQuality "1"]

1. d4 d5 2. Bf4 c5 3. c3 Nc6 4. Nf3 Qb6 5. Qb3 Qxb3 6. axb3 cxd4 7. cxd4 Bg4 8. e3 Bxf3 9. gxf3 e6 10. Bb5 Bb4+ 11. Ke2 Nge7 12. Nc3 0-0 13. Na2 Ba5 14. Bd6 Rfd8 15. Bc5 a6 16. Bd3 Bc7 17. Nc3 Ng6 18. Na4 Re8 19. Bb6 Bxb6 20. Nxb6 Rad8 21. Rhc1 Rd6 22. Bxg6 hxg6 23. Na4 e5 24. dxe5 Rxe5 25. Nc5 Re7 26. Ra4 a5 27. Rd1 b6 28. Ne4 Rdd7 29. Nc3 Nb4 30. Nb5 Re5 31. Raa1 Rh5 32. Rac1 Re5 33. Rc8+ Kh7 34. Rb8 Re6 35. Rd4 g5 36. Rc8 Rc6 37. Rxc6 Nxc6 38. Rd1 Kg6 39. Rc1 Ne7 40. Kd3 Kf6 41. Nd4 Ke5 42. Rc2 g6 43. Nc6+ Kd6 44. Nd4 Rb7 45. Nb5+ Kd7 46. Kd4 Nc6+ 47. Kc3 Nb4 48. Re2 Kc6 49. Nd4+ Kd6 50. Nb5+ Kc5 51. Nd4 Rb8 52. Re1 Rh8 53. Rh1 Rh3 54. Kd2 Kd6 55. Ke2 Nc6 56. Nb5+ Kc5 57. Nc3 Nb4 58. Rc1 d4 59. Na4+ Kd6 60. exd4 Rxh2 61. Rg1 Nc6 62. Ke3 Rh4 63. Nc3 Nxd4 64. Ne4+ Ke5 65. Rxg5+ Nf5+ 66. Ke2 Kf4 67. Rg3 Nd4+ 68. Kd3 Nxf3 69. Nd6 Ne5+ 70. Kd4 Rh1 71. Nxf7 Rd1+ 72. Kc3 Nxf7 73. Rxg6 Rd6 74. Rxd6 Nxd6 75. Kd4 Ne4 76. Kc4 Nf6 77. Kb5 Nd5 78. Kc6 Ke4 79. f4 Kd4 80. f5 Ke5 81. f6 Nxf6 82. Kxb6 Kd5 83. Kxa5 Nd7 84. b4 1/2-1/2